000 00448nam a2200181Ia 4500
008 100917s9999 xx 000 0 und d
082 _b47308
100 _aHoward Jones
245 _aThe Spur And The Lily
260 _bMacdonold
_c1969
300 _a134
365 _b0
520 _aबालविभाग
630 _aThe Spur And The Lily
650 _aबालविभाग
730 _aThe Spur And The Lily
942 _cBOOK
999 _c652702
_d652699